000 00635nam a2200205Ia 4500
003 GCL
008 140319s9999 xx 000 0 ara d
040 _aGCL /
_cGCL
082 0 4 _a939
_bك ش
100 1 _aكويلرينج, ت
245 1 0 _aالشرق الادنى مجتمعه وثقافته /
_cكويلرينج, ت
700 1 _aعبدالرحمن محمد ايوب
700 1 _aابوالعلا عفيفى
300 _a405 ص
490 _aالالف كتاب
_v0
650 0 4 _aالاثار الاسلامية
650 0 4 _aالشرق الادنى القديم
650 0 4 _aالفن الاسلامى
942 _2ddc
_cBK
999 _c43496
_d43496